书目信息 |
| 题名: |
MSC.Nastran有限元动力分析与优化设计实用教程
|
|
| 作者: | 隋允康 , 杜家政 , 彭细荣 编著 | |
| 分册: | ||
| 出版信息: | 北京 科学出版社 2004.4 |
|
| 页数: | 278页 | |
| 开本: | 26cm | |
| 丛书名: | 数码工程师系列丛书 | |
| 单 册: | ||
| 中图分类: | O241.82-39 | |
| 科图分类: | ||
| 主题词: | 有限元分析--应用软件, MSC.Nastran--教材 , 有限元分析 | |
| 电子资源: | ||
| ISBN: | 7-03-012990-3 | |
| 000 | 01059nam2 2200301 45 | |
| 001 | 012004000000 | |
| 005 | 20050107103453.58 | |
| 010 | @a7-03-012990-3@dCNY 30.00 | |
| 100 | @a20040601d2004 em y0chiy0121 ea | |
| 101 | 0 | @achi |
| 102 | @aCN@b110000 | |
| 105 | @aak z 000yy | |
| 200 | 1 | @aMSC.Nastran有限元动力分析与优化设计实用教程@AMSC.Nastran you xian yuan dong li fen xi yu you hua she ji shi yong jiao cheng@f隋允康, 杜家政, 彭细荣编著 |
| 210 | @a北京@c科学出版社@d2004.4 | |
| 215 | @a278页@c图, 表格@d26cm | |
| 225 | 2 | @a数码工程师系列丛书 |
| 320 | @a本书含附录和参考文献 | |
| 330 | @a本书内容: 程序概况; 动力分析的基础; 实特征值分析; 频率响应分析; 瞬态响应分析...... | |
| 410 | 0 | @12001 @a数码工程师系列丛书 |
| 606 | 0 | @a有限元分析@x应用软件, MSC.Nastran@j教材 |
| 606 | 0 | @a有限元分析 |
| 610 | 1 | @aMSC.Nastran |
| 690 | @aO241.82-39@v4 | |
| 701 | 0 | @a隋允康@Asui yun kang@4编著 |
| 701 | 0 | @a杜家政@Adu jia zheng@4编著 |
| 701 | 0 | @a彭细荣@Apeng xi rong@4编著 |
| 801 | 0 | @aCN@bQSSKxf@c20050107 |
| 905 | @a10447@dO241.82-39@eS885 | |
| MSC.Nastran有限元动力分析与优化设计实用教程/隋允康, 杜家政, 彭细荣编著.-北京:科学出版社,2004.4 |
| 278页:图, 表格;26cm.-(数码工程师系列丛书) |
| ISBN 7-03-012990-3:CNY 30.00 |
| 本书内容: 程序概况; 动力分析的基础; 实特征值分析; 频率响应分析; 瞬态响应分析...... |
| ● |
| 相关链接 |
|
|
|
正题名:MSC.Nastran有限元动力分析与优化设计实用
索取号:O241.82-39/S885
 
预约/预借
| 序号 | 登录号 | 条形码 | 馆藏地/架位号 | 状态 | 备注 |
| 1 | 435388 | 204353886 | 自科库401/401自科库 80排2列2层/ [索取号:O241.82-39/S885] | 在馆 | |
| 2 | 435389 | 204353895 | 自科库401/401自科库 80排2列2层/ [索取号:O241.82-39/S885] | 在馆 | |
| 3 | 435390 | 204353902 | 自科库401/401自科库 80排2列2层/ [索取号:O241.82-39/S885] | 在馆 |